1235 1934 1223 1120 1049 1208 1630 1338 1589 1390 1002 1480 1179 1289 1405 1927 1513 1291 1746 1453 1262 1743 1096 1882 1880 1108 1009 1577 1076 1765 1826 1121 1553 1075 1824 1093 1190 1979 1919 1973 1132 1680 1670 1330 1123 1227 1788 1287 1760 1640 1892 1671 1570 1369 1509 1286 1422 1783 1223 1838 1209 1294 1413 1338 1945 1757 1712 1918 1076 1771 1629 1227 1023 1142 1124 1593 1044 1331 1469 1630 1648 1249 1815 1642 1454 1477 1470 1133 1714 1739 1255 1171 1219 1758 1171 1101 1775 1179 1518 BCNSPRNW ULIB Ver.6.0+V

เปลี่ยนเป็นภาษาไทย

Change to English
 แสดงรายละเอียดบรรณานุกรม
  กลับหน้าหลัก

Brief Record : Get Marc (ISO 2709) : E-mail record : QR code < ปิดหน้าต่าง
LEADER : 00000nam 2200000uu 4500
001    13399122291
003     ULIB
008    110317s2555||||th 000 0 tha d
020    9786161112387
060 04 WY159^bพ231ก ล.2
100 0  พรทิพย์ ศิริบูรณ์พิพัฒนา,^eบรรณาธิการ
245 00 การพยาบาลเด็ก เล่ม 2 /^cบรรณาธิการ, พรทิพย์ ศิริบูรณ์พิพัฒนา
250    พิมพ์ครั้งที่ 1(ฉบับปรับปรุง)
260    นนทบุรี :^bโครงการสวัสดิการวิชาการ สถาบันพระบรมราชชนกกระทรวงสาธารณสุข,^c2555
300    556 หน้า :^bภาพประกอบ
650  7 การพยาบาลกุมารเวชศาสตร์
710 2  กระทรวงสาธารณสุข
710 2  สถาบันพระบรมราชราชชนก ^bโครงการสวัสดิการวิชาการ
945    ^p300^l0^i19815
945    ^p300^l0^i19816
945    ^p300^l0^i19817
945    ^p300^l0^i19818
945    ^p300^l0^i19819
945    ^p300^l0^i19820
945    ^p300^l0^i19821
945    ^p300^l0^i19822
945    ^p300^l0^i19823
945    ^p300^l0^i19824
945    ^p300^l0^i20195
945    ^p300^l0^i20196
995    ทศพร
999    ^aใช้งานได้ทุกระบบ
รายการนี้ยังไม่มีแท็ก
คุณยังไม่ได้ล็อกอิน คุณสามารถมีกิจกรรมร่วมกับเว็บไซต์ได้ แต่ต้องล็อกอินก่อน ::
  ล็อกอิน

รายการสื่อสารสนเทศ

ลำดับที่ ประเภท เลขเรียก/บาร์โค้ด สถานที่ สถานะ
1. Book การพยาบาล
Book การพยาบาล
WY159 พ231ก ล.2 ฉ.1 
  Barcode: 19815
ห้องสมุดวิทยาเขตสวรรค์ประชารักษ์
►หนังสือทั่วไป
บนชั้น
2. Book การพยาบาล
Book การพยาบาล
สถานะ=หนังสือเก่า
WY159 พ231ก ล.2 ฉ.10 
  Barcode: 19824
ห้องสมุดวิทยาเขตนครสวรรค์
►ส่วนจัดเก็บหนังสือเก่า นว.
บนชั้น
  ขอยืม
3. Book การพยาบาล
Book การพยาบาล
สถานะ=หนังสือเก่า
WY159 พ231ก ล.2 ฉ.11 
  Barcode: 20195
ห้องสมุดวิทยาเขตนครสวรรค์
►ส่วนจัดเก็บหนังสือเก่า นว.
บนชั้น
  ขอยืม
4. Book การพยาบาล
Book การพยาบาล
สถานะ=หนังสือเก่า
WY159 พ231ก ล.2 ฉ.12 
  Barcode: 20196
ห้องสมุดวิทยาเขตนครสวรรค์
►ส่วนจัดเก็บหนังสือเก่า นว.
บนชั้น
  ขอยืม
5. Book การพยาบาล
Book การพยาบาล
สถานะ=หนังสือเก่า
WY159 พ231ก ล.2 ฉ.2 
  Barcode: 19816
ห้องสมุดวิทยาเขตนครสวรรค์
►ส่วนจัดเก็บหนังสือเก่า นว.
บนชั้น
  ขอยืม
6. Book การพยาบาล
Book การพยาบาล
สถานะ=หนังสือเก่า
WY159 พ231ก ล.2 ฉ.3 
  Barcode: 19817
ห้องสมุดวิทยาเขตนครสวรรค์
►ส่วนจัดเก็บหนังสือเก่า นว.
บนชั้น
  ขอยืม
7. Book การพยาบาล
Book การพยาบาล
สถานะ=หนังสือเก่า
WY159 พ231ก ล.2 ฉ.4 
  Barcode: 19818
ห้องสมุดวิทยาเขตนครสวรรค์
►ส่วนจัดเก็บหนังสือเก่า นว.
บนชั้น
  ขอยืม
8. Book การพยาบาล
Book การพยาบาล
สถานะ=หนังสือเก่า
WY159 พ231ก ล.2 ฉ.5 
  Barcode: 19819
ห้องสมุดวิทยาเขตนครสวรรค์
►ส่วนจัดเก็บหนังสือเก่า นว.
บนชั้น
  ขอยืม
9. Book การพยาบาล
Book การพยาบาล
สถานะ=หนังสือเก่า
WY159 พ231ก ล.2 ฉ.6 
  Barcode: 19820
ห้องสมุดวิทยาเขตนครสวรรค์
►ส่วนจัดเก็บหนังสือเก่า นว.
บนชั้น
  ขอยืม
10. Book การพยาบาล
Book การพยาบาล
สถานะ=หนังสือเก่า
WY159 พ231ก ล.2 ฉ.7 
  Barcode: 19821
ห้องสมุดวิทยาเขตนครสวรรค์
►ส่วนจัดเก็บหนังสือเก่า นว.
บนชั้น
  ขอยืม
11. Book การพยาบาล
Book การพยาบาล
สถานะ=หนังสือเก่า
WY159 พ231ก ล.2 ฉ.8 
  Barcode: 19822
ห้องสมุดวิทยาเขตนครสวรรค์
►ส่วนจัดเก็บหนังสือเก่า นว.
บนชั้น
  ขอยืม
12. Book การพยาบาล
Book การพยาบาล
สถานะ=หนังสือเก่า
WY159 พ231ก ล.2 ฉ.9 
  Barcode: 19823
ห้องสมุดวิทยาเขตนครสวรรค์
►ส่วนจัดเก็บหนังสือเก่า นว.
บนชั้น
  ขอยืม

รายการใกล้เคียง
    ผู้แต่ง [พรทิพย์ ศิริบูรณ์พิพัฒนา, บรรณาธิการ]

    หัวเรื่อง [การพยาบาลกุมารเวชศาสตร์]

BibComment


ยังไม่เคยถูกคอมเมนท์

คอมเมนท์ทรัพยากรรายการนี้
  คอมเมนท์: การพยาบาลเด็ก เล่..


 Copyright 2026. Bcnsprnw @Library